000 00897nam a22002297a 4500
005 20250521121941.0
008 250521b |||||||| |||| 00| 0 eng d
020 _a978-93-86113-33-7 (hbk)
037 _cTB
040 _aBL
_cBL
041 _2hin
_ahin
084 _aNW44 152R2
_qBL
100 _aकुमार, विपुल
245 _aपटकथा तथा संवाद लेखन
260 _aदिल्ली, भारत:
_bश्री नटराजन प्रकाशन,
_c2022.
300 _a103पृ.
365 _b320.00
_cINR
650 _aलेखन
650 _aललित कला
942 _2CC
_cTB
_hNW44 152R2
_n0
999 _c1428944
_d1428944